| 000 | 02435nam a22003494a 4500 | ||
|---|---|---|---|
| 001 | ebr10202620 | ||
| 003 | CaPaEBR | ||
| 006 | m u | ||
| 007 | cr cn||||||||| | ||
| 008 | 020712s2003 ncua sb 001 0 eng | ||
| 010 | _z 2002010880 | ||
| 020 | _z0807827657 (cloth : alk. paper) | ||
| 020 | _z0807854352 (pbk. : alk. paper) | ||
| 040 |
_aCaPaEBR _cCaPaEBR |
||
| 035 | _a(OCoLC)53932381 | ||
| 043 | _an-usa-- | ||
| 050 | 1 | 4 |
_aTD195.S75 _bM56 2003eb |
| 082 | 0 | 4 |
_a338.2/724/0974 _221 |
| 100 | 1 | _aMontrie, Chad. | |
| 245 | 1 | 0 |
_aTo save the land and people _h[electronic resource] : _ba history of opposition to surface coal mining in Appalachia / _cChad Montrie. |
| 260 |
_aChapel Hill : _bUniversity of North Carolina Press, _cc2003. |
||
| 300 |
_axv, 245 p. : _bill. |
||
| 504 | _aIncludes bibliographical references (p. [207]-240) and index. | ||
| 505 | 8 | _aMachine generated contents note: Acknowledgments xi --Abbreviations xiii --Introduction. -- Common People and Private Property 1 --1 Making, Taking, and Stripping the Land 7 --2 Our Country Would BeBetter Fit for Farming: Opposition to Surface Coal Mining in Ohio 25 --3 Selfish Interests: -- Opposition to Surface Coal Mining in Pennsylvania 43 --4 We Feel We Have Been Forsaken: Opposition to Surface Coal Mining in Kentucky, 1954-1967 61 --5 We Will Stop the Bulldozers: Opposition to Surface Coal Mining in Kentucky, 1967-1972 85 -- 6 The Dilemma Is a Classic One: Opposition to Surface Coal Mining in West Virginia 107 --7 Liberty in a Wasteland Is Meaningless: Strip Mining Opposition at the Federal Level, 1968-1972 127 --8 Getting More and More Cynical: Decline of the Opposition, 1973-1977 155 --9 Against the Little Man Like Me: Legalized Destruction in the SMCRA Era 181 --Conclusion. -- Having to Fight the Whole System 201 --Notes 207 -- Selected Bibliography 235 -- Index 241. | |
| 533 |
_aElectronic reproduction. _bPalo Alto, Calif. : _cebrary, _d2013. _nAvailable via World Wide Web. _nAccess may be limited to ebrary affiliated libraries. |
||
| 650 | 0 |
_aStrip mining _xEnvironmental aspects _zAppalachian Region. |
|
| 650 | 0 |
_aStrip mining _zAppalachian Region _xPublic opinion. |
|
| 650 | 0 |
_aPublic opinion _zAppalachian Region. |
|
| 655 | 7 |
_aElectronic books. _2local |
|
| 710 | 2 | _aebrary, Inc. | |
| 856 | 4 | 0 |
_uhttp://site.ebrary.com/lib/rucke/Doc?id=10202620 _zAn electronic book accessible through the World Wide Web; click to view |
| 999 |
_c119090 _d119090 |
||